Návrh na využitie metód priemyselného inžinierstva v procese integrácie vybraného dodávateľa do systému logistických procesov Schaeffler Skalica spol. s r.o.
Uložené v:
| Hlavný autor: | |
|---|---|
| Ďalší autori: | |
| Médium: | Rukopis Kniha |
| Jazyk: | Slovak |
| Vydavateľské údaje: |
2019
|
| Predmet: | |
| On-line prístup: | http://is.stuba.sk/zp/portal_zp.pl?podrobnosti=144105 |
| Tagy: |
Žiadne tagy, Buďte prvý, kto otaguje tento záznam!
|
MARC
| LEADER | 00000ntm a22000003a 4500 | ||
|---|---|---|---|
| 001 | stuzp72878 | ||
| 003 | SK-STU | ||
| 005 | 20190608211204.8 | ||
| 007 | ta | ||
| 008 | 150427s2015----xo-----f-mn---000-0-slo-d | ||
| 040 | |a STU |b slo | ||
| 041 | 0 | |a slo | |
| 100 | 1 | |a Šedivý, Miroslav |u 064000 |k Z4 |4 aut |U MTF Materiálovotechnologická fakulta |T MTF Ústav priemyselného inžinierstva a manažmentu |X 77458 |U M4000 |Y 84 |7 77458 | |
| 242 | 0 | 1 | |a Proposal for implementation of industrial engineering methods in process of selected supplier integration in system of logistics in company Schaeffler Skalica spol. s r.o. |y eng |
| 245 | 1 | 0 | |a Návrh na využitie metód priemyselného inžinierstva v procese integrácie vybraného dodávateľa do systému logistických procesov Schaeffler Skalica spol. s r.o. |
| 260 | |c 2019 | ||
| 650 | 4 | |a SCM |2 slo | |
| 650 | 4 | |a Digitalizácia |2 slo | |
| 650 | 4 | |a Logistika |2 slo | |
| 650 | 4 | |a Štíhla výroba |2 slo | |
| 650 | 4 | |a Integrácia |2 slo | |
| 650 | 4 | |a Digitalization |2 eng | |
| 650 | 4 | |a Logistic |2 eng | |
| 650 | 4 | |a Lean production |2 eng | |
| 650 | 4 | |a SCM |2 eng | |
| 650 | 4 | |a Integration |2 eng | |
| 700 | 1 | |a Fidlerová, Helena |u 064000 |k Z2 |4 ths |U MTF Materiálovotechnologická fakulta |T MTF Ústav priemyselného inžinierstva a manažmentu |X 3662 |U M4000 |Y 84 |7 A000003662 | |
| 856 | 4 | |u http://is.stuba.sk/zp/portal_zp.pl?podrobnosti=144105 | |
| 996 | |c M* DP-14079 |l MMSKP |s P |a 0 |w stuzp72878_0001 | ||